Recinte Mundet
Publicado:
Barcelona :
Diputació de Barcelona. Àrea d'Hisenda i Recursos Interns. Subdirecció de Logística. Oficina de Gestió de Recintes ,
2008
Descripción Física:
1 tríptic : fot. ; 21 cm
MARC
| LEADER | 00000nam a2200000Ia 4500 | ||
|---|---|---|---|
| 001 | 23206 | ||
| 008 | 160829s2008 xx 000 0 cat d | ||
| 080 | |a FU-59-56 | ||
| 245 | |a Recinte Mundet | ||
| 260 | |a Barcelona : |b Diputació de Barcelona. Àrea d'Hisenda i Recursos Interns. Subdirecció de Logística. Oficina de Gestió de Recintes, |c 2008 | ||
| 300 | |a 1 tríptic : |b fot. ; |c 21 cm | ||
| 590 | |a Inclou un mapa amb el nom de cada pavelló | ||
| 610 | 0 | |a Llars Mundet |9 55961 |x Guies | |
| 650 | 0 | |9 55962 |a Recinte Mundet (Barcelona) |x Guies | |
| 710 | |a Barcelona (Catalunya : Província). |b Oficina de Gestió de Recintes |9 55261 | ||
| 901 | |a Arxiu | ||
| 942 | |n 1 |2 udc | ||
| 952 | |0 0 |1 0 |4 0 |6 FU5956 |7 1 |9 48383 |a Arxiu |b Arxiu |d 2016-12-01 |l 0 |o FU-59-56 |p 23206 |r 2016-12-01 00:00:00 |w 2016-12-01 |y ARXIU | ||
| 999 | |c 52189 |d 52189 | ||